| 000 | 00424nam a2200181Ia 4500 | ||
|---|---|---|---|
| 008 | 230524s9999 xx 000 0 und d | ||
| 020 | _a9788185240800 | ||
| 082 |
_a625.7 _bKHA |
||
| 100 | _aS.K. Khanna | ||
| 245 | 0 | _aHighway Engineering | |
| 250 | _a10 | ||
| 260 |
_aRoorkee _bNem Chand _c2014 |
||
| 300 | _a"VII,764p;" | ||
| 500 | _aQuantity Number: 61 | ||
| 650 | _aCivil | ||
| 700 | _aC.E.G. Justo | ||
| 942 | _cBK | ||
| 999 |
_c55035 _d55035 |
||